High School Musical 1, 2 and 3 Songs Click Quiz - Statistics

General Stats
  • This quiz has been taken 1,604 times
  • The average score is 13 of 15
Answer Stats
Hint Answer % Correct
Stick to the Status Quo 1. HSM
93%
Start of Something New 1. HSM
92%
Work This Out 2. HSM 2
92%
Bet on It 2. HSM 2
89%
I Don't Dance 2. HSM 2
89%
The Boys Are Back 3. HSM 3
88%
Get'cha Head in the Game 1. HSM
87%
You Are the Music in Me 2. HSM 2
86%
Fabulous 2. HSM 2
86%
A Night to Remember 3. HSM 3
86%
Scream 3. HSM 3
83%
I Want It All 3. HSM 3
81%
Now or Never 3. HSM 3
79%
High School Musical 3. HSM 3
75%
When There Was Me and You 1. HSM
61%
No matching quizzes found
Score Distribution
Percent of People with Each Score
Percentile by Number Answered
Your Score History
You have not taken this quiz